Normal view
MARC view
- Gutiérrez Contreras, Salvador
Entry Nombre Personal
001 - NUMERO DE CONTROL
- campo de control: 54061
003 - IDENTIFICADOR DE NUMERO DE CONTROL
- campo de control: DLC
005 - FECHA Y HORA DE LA ÜLTIMA TRANSACCIÓN
- campo de control: 20241011140659.0
008 - DATOS DE LONGITUD FIJA
- campo de control de longitud fija: 860321n| acannaabn || aaa
010 ## - NÚMERO DE CONTROL DE LA BIBLIOTECA DEL CONGRESO
- Número de control LC: n 85289902
035 ## - NUMERO DE CONTROL
- Número de control: (OCoLC)oca01573294
040 ## - FUENTE DE CATALOGACIÓN
- Agencia original de catalogación: DLC
- Lenguaje de catalogación: spa
- Agencia de transcripción: DLC
- Agencia que lo modifica: DLC
- Agencia que lo modifica: OCoLC
- Agencia que lo modifica: MX-MxUPN
100 1# - ENCABEZAMIENTO - NOMBRE PERSONAL
- Nombre personal: Gutiérrez Contreras, Salvador
670 ## - FUENTE EN LA QUE SE LOCALIZARON DATOS
- Cita de la fuente: El territorio del Estado de Nayarit a través de la historia, 1979:
- Información localizada: portada (Salvador Gutiérrez Contreras)
670 ## - FUENTE EN LA QUE SE LOCALIZARON DATOS
- Cita de la fuente: José María Mercado, 1985:
- Información localizada: portada (Salvador Gutiérrez Contreras) p. 4 de la cubierta (b. 12/13/1918 in Compostela, Nayarit (Mexico); held several jobs in the local and state gov'ts.; now a representante del Instituto Nacional de Antropología e Historia, in charge of archaeology in the Compostela and San Pedro Lagunillas areas)
670 ## - FUENTE EN LA QUE SE LOCALIZARON DATOS
- Cita de la fuente: Los Coras y el rey de Nayarit, 2001:
- Información localizada: portada (Salvador Gutiérrez Contreras)
902 ## - CATALOGADOR
- Catalogador: Víctor Ruiz/111024
